LEADER 01217nam--2200385---450- 001 990001675710203316 005 20110630103607.0 010 $a978-0-19-958939-5 035 $a000167571 035 $aUSA01000167571 035 $a(ALEPH)000167571USA01 035 $a000167571 100 $a20040518d2010----km-y0itay50------ba 101 0 $aeng$alat 102 $aUS 105 $ay|||||||001yy 200 1 $aOvid Fasti Book 2$fedited with introduction and commentary by Matthew Robinson 210 $aOxford$aNew York$cOxford University Press$d2010 215 $aXII, 572 p.$d24 cm 225 2 $aOxford classical monographs 410 0$12001$aOxford classical monographs 512 1 $a<> commentary on Ovid's Fasti Book 2 600 1$aOvidio Nasone,$bPublio . Fasti. L. 2.$xCommenti$2BNCF 676 $a871.01 700 1$aROBINSON,$bMatthew$0561973 702 1$aOVIDIUS NASO,$bPublius 801 0$aIT$bsalbc$gISBD 912 $a990001675710203316 951 $aV.3.B. 419$b230778 L.M.$cV.3.B.$d00297569 959 $aBK 969 $aUMA 979 $aMARIA$b10$c20040518$lUSA01$h1559 979 $aANNAMARIA$b90$c20110630$lUSA01$h1036 996 $aOvid Fasti Book 2$9941593 997 $aUNISA